000 03423nam a2200313 a 4500
001 BRCA_2815
005 20190320204000.0
008 091208s1905----sp-#---###---#000-0#spa-u
041 _aspa
044 _asp
084 _a259
_b.S83
_c1905
100 1 _aCervantes Saavedra, Miguel de
_d1547-1616
_9213
245 1 0 _aEl Ingenioso Hidalgo Don Quijote de la Mancha
_ccompuesto por Miguel de Cervantes Saavedra.
260 _aMadrid
_bVictoriano Suárez
_c1905
300 _a6 v.
_c29 cm.
_evarias hojas plegables
500 _aContenido : v 1. Primera parte. Introducción por C. Cortejón. Preliminares íntegras de las primeras ediciones. Lista de las ediciones consultadas. Advertencia preliminar. Texto. -- v 2. Primera parte. Observaciones generales por C. Cortejón. Lista de ediciones consultadas. Texto. -- v 3. Primera parte. Observaciones generales. Ediciones consultadas. Texto. -- v 4. Segunda parte. Introducción. Ediciones consultadas. Preliminares de la edición príncipe. Texto. -- v 5. Variantes del capítulo XLV. Ediciones consultadas. texto. -- v 6. Retrato de Cortejón. Advertencia preliminar. Ediciones consultadas. Texto
500 _aEdición : Primera crítica con variantes, notas, y el diccionario de todas las palabras usadas en la inmortal novela por Clemente Cortejón
500 _aUna de las más notables ediciones del Quijote que se han publicado en España hasta aquel entonces por un comentador de la importancia de C. Cortejón. La muerte prematura truncó su obra de mucha erudición (en cuanto a la técnica y minucias literarias, así como a la gramática se refiere), por lo que no pudo acabar su diccionario ni dar cima al último tomo que corrió a cargo de Givanel y Más. Cortejón fue uno de los más doctos cervantistas en su tiempo quien dedicó más de 30 años al estudio del Quijote. Tuvo el mérito de probar en definitiva que Cervantes no corrigió la edición de 1608, de Cuesta, y rebatió los supuestos errores gramaticales que Clemencín reprochaba del autor. Sin embargo, su condición de sacerdote y los consiguientes prejuicios religiosos, le impidieron ver más allá de puro lenguaje y estilo de la obra. Cotejó nada menos que 26 ediciones quijotiles y, con todo, desacertó al aceptar en la suya las enmiendas de la mencionada tercera de Cuesta, cuyos pasajes de la primera edición del mismo editor, eran irreverentes para con las cosas de la Iglesia, como por ejemplo, el episodio de la penitencia de D. Quijote en Sierra Morena (I, 26). Su trabajo, empero, habrpa de ser tomado en cuenta por cualquier cervantista serio que, en lo futuro, se proponga investigar la gran obra. La parte tipográfica que corre parejas con la literaria, honra por sí sola a los impresores. La tirada está hecha a grandes márgenes sobre papel fabricado expresamente para esta edición y es de una pulcritud irreprochable. Semipiel; lomeras decoradas con filetes dorados Lúdovik Osterc
500 _aIncluye índice : De materias
500 _aQM230D
650 1 4 _aNovela española
_yÉpoca clásica, 1500-1700
_9215
650 1 4 _aLiteratura española
_yÉpoca clásica, 1500-1700
_9216
650 1 4 _aNovela española
_ySiglo XVII
_9217
650 1 4 _aDon Quijote (Personaje ficticio)
_eNovela
_9218
700 1 _aCortejón y Lucas, Clemente
_d1842-1911
_eAnotador
_97900
740 0 _aEl Ingenioso Hidalgo Don Quijote de la Mancha
902 _aQFM
942 _2lcc
_cB
999 _c2555
_d2555